NBA Team Point Leaders Per Game 2011-2012 Season - Statistics

General Stats
  • This quiz has been taken 1,110 times
  • The average score is 18 of 31
Answer Stats
Team Player Points Per Game % Correct
Miami Heat LeBron James 27.1
100%
Oklahoma City Thunder Kevin Durant 28.0
99%
Los Angeles Lakers Kobe Bryant 27.9
99%
New York Knicks Carmelo Anthony 22.6
95%
Chicago Bulls Derrick Rose 21.8
95%
Dallas Mavericks Dirk Nowitzki 21.6
93%
Boston Celtics Paul Pierce 19.4
89%
Los Angeles Clippers Blake Griffin 20.7
84%
Utah Jazz Al Jefferson 19.2
83%
Minnesota Timberwolves Kevin Love 26.0
82%
Orlando Magic Dwight Howard 20.6
80%
Portland Trail Blazers LaMarcus Aldridge 21.7
79%
Washington Wizards John Wall 16.3
69%
San Antonio Spurs Tony Parker 18.3
61%
New Jersey Nets Deron Williams 21.0
60%
Philadelphia 76ers Louis Williams 14.9
57%
Cleveland Cavaliers Kyrie Irving 18.5
56%
Milwaukee Bucks Monta Ellis 20.4
56%
Atlanta Hawks Joe Johnson 18.8
44%
Golden State Warriors David Lee 20.1
38%
Indiana Pacers Danny Granger 18.7
37%
Memphis Grizzlies Rudy Gay 19.0
35%
Josh Smith 18.8
32%
Denver Nuggets Ty Lawson 16.4
27%
New Orleans Hornets Eric Gordon 20.6
25%
Houston Rockets Kevin Martin 17.1
21%
Detroit Pistons Greg Monroe 15.4
16%
Toronto Raptors Andrea Bargnani 19.5
14%
Phoenix Suns Marcin Gortat 15.4
11%
Charlotte Bobcats Gerald Henderson 15.1
10%
Sacremento Kings Marcus Thornton 18.7
4%
No matching quizzes found
Score Distribution
Percent of People with Each Score
Percentile by Number Answered
Your Score History
You have not taken this quiz